Central Library OPAC University of Rajshahi

The Standard of living / (Record no. 58931)

MARC details
000 -LEADER
fixed length control field 01014nam a2200325 a 4500
001 - CONTROL NUMBER
control field 58931
003 - CONTROL NUMBER IDENTIFIER
rucl marc code BD-RJUL
005 - DATE AND TIME OF LATEST TRANSACTION
control field 20211209080655.0
008 - FIXED-LENGTH DATA ELEMENTS--GENERAL INFORMATION
fixed length control field 161220r2001 enka b 001 0 eng
020 ## - INTERNATIONAL STANDARD BOOK NUMBER
International Standard Book Number 0521321018
International Standard Book Number 0521368405
035 ## - SYSTEM CONTROL NUMBER
System control number (BD-RJUL) 59055
040 ## - CATALOGING SOURCE
Original cataloging agency DLC
Transcribing agency DLC
Modifying agency BD-RJUL
Language of cataloging eng
041 ## - LANGUAGE CODE
Language code of text/sound track or separate title eng
082 ## - DEWEY DECIMAL CLASSIFICATION NUMBER
Edition number 23
Author mark and year STA 2001
Classification number 339.47
099 ## - LOCAL FREE-TEXT CALL NUMBER (OCLC)
Bangla Class number HD6978.S73 1987
245 04 - TITLE STATEMENT
Title The Standard of living /
Statement of responsibility, etc. Amartya Sen ... [et al.] ; edited by Geoffrey Hawthorn.
260 ## - PUBLICATION, DISTRIBUTION, ETC. (IMPRINT)
Place of publication, distribution, etc. London :
Name of publisher, distributor, etc. Cambridge University Press,
Date of publication, distribution, etc. 1987 [Reprinted 2001].
300 ## - PHYSICAL DESCRIPTION
Pagination xiv, 125 p. :
Illustrations ill. ;
Size 23 cm.
490 1# - SERIES STATEMENT
Series statement Tanner lectures
504 ## - BIBLIOGRAPHY, ETC. NOTE
Bibliography, etc Includes index and Bibliography: p. 113-122.
650 #0 - SUBJECT ADDED ENTRY--TOPICAL TERM
Topical term or geographic name as entry element standard of living.
9 (RLIN) 175236
Topical term or geographic name as entry element Basic needs.
9 (RLIN) 175237
Topical term or geographic name as entry element Quality of life.
9 (RLIN) 175238
700 1# - ADDED ENTRY--PERSONAL NAME
Personal name Sen, Amartya,
Dates associated with a name 1933-
Personal name Hawthorn, Geoffrey.
830 #0 - SERIES ADDED ENTRY--UNIFORM TITLE
Uniform title Tanner lectures.
942 ## - ADDED ENTRY ELEMENTS (KOHA)
Source of classification or shelving scheme Dewey Decimal Classification
Koha item type Books
Holdings
Lost status Source of classification or shelving scheme Damaged status Not for loan Collection code Permanent Location Current Location Shelving location Date acquired Source of acquisition Cost, normal purchase price Total Checkouts Full call number Date last seen Copy number Koha item type
  Dewey Decimal Classification   Not For Loan Non-fiction Central Library, University of Rajshahi Central Library, University of Rajshahi Reading Room 20/10/2005 Dhaka, Paragon Enterpries Ltd. 14.99   339.47 STA 2001 20/12/2016 C-1 Books